00893nam a2200229 u 450000100100000000500170001000800410002702000180006804000250008608200160011110000470012724501010017426000380027530000280031350000630034150000340040450400320043859000260047070000360049695201140053299900170064600002057620200930011129.0100810s2016 dr a r 000 0 spa d a9789945454505 aDO-SdBNPbspacBNPHU axxxxbH831C1 aHostos, Eugenio María,d1839-190394330110aHostos / :brevolucionario sin fronteras : /cSantiago Castro Ventura ; prólogo Luisa Navarro. aSanto Domingo :bManatí,c2016. a352 p. :bil. ;c23 cm. aIncluye datos biográficos del autor en la contracubierta aIncluye índice onomástico aBibliografía : p. 331-342 aInventariado, 2020/BT1 aNavarro, Luisa,epról.911168 0010718PDaPDbPDcHDd2020-03-10iLF1l0oxxxx H831Cp20576-10r2020-06-25w2020-06-25yLFPDZNo se presta c20080d20080